[Event "24th ECC"]
[Site "Kallithea GRE"]
[Date "2008.10.19"]
[Round "3"]
[White "Nedev, T."]
[Black "Avrukh, B."]
[Result "1/2-1/2"]
[WhiteElo "2525"]
[BlackElo "2657"]
[PlyCount "62"]
[EventDate "2008.10.17"]
[SourceDate "1999.07.01"]

1. e4 e5 2. Nf3 Nc6 3. d4 exd4 4. Nxd4 Nf6 5. Nxc6 bxc6 6. e5 Qe7 7. Qe2 Nd5 8.
c4 Nb6 9. Nc3 Qe6 10. Qe4 g6 11. f4 Bb4 12. Bd2 O-O 13. Bd3 Ba6 14. b3 d5 15.
cxd5 cxd5 16. Qe2 Bxd3 17. Qxd3 f6 18. Nb5 Bxd2+ 19. Qxd2 Qd7 20. Nd4 fxe5 21.
fxe5 Qg4 22. Nf3 Qe4+ 23. Qe2 Qb4+ 24. Qd2 Qe4+ 25. Qe2 a5 26. Rd1 a4 27. Rd4
Qb1+ 28. Rd1 Qe4 29. Rd4 Qxe2+ 30. Kxe2 c5 31. Rdd1 axb3 1/2-1/2

[Event "IX EICC"]
[Site "Plovdiv BUL"]
[Date "2008.04.23"]
[Round "3"]
[White "Nedev, T."]
[Black "L'Ami, E."]
[Result "1/2-1/2"]
[WhiteElo "2518"]
[BlackElo "2600"]
[PlyCount "91"]
[EventDate "2008.04.21"]
[SourceDate "1999.07.01"]

1. e4 e5 2. Nf3 Nc6 3. d4 exd4 4. Nxd4 Nf6 5. Nxc6 bxc6 6. e5 Qe7 7. Qe2 Nd5 8.
c4 Ba6 9. b3 O-O-O 10. g3 g5 11. Bb2 Bg7 12. Nd2 Nb4 13. O-O-O Nxa2+ 14. Kb1
Nb4 15. f4 gxf4 16. gxf4 Rhe8 17. Ne4 c5 18. Bg2 Bb7 19. Rhe1 Kb8 20. Qf2 Qf8
21. Nxc5 Bxg2 22. Ba3 a5 23. Na6+ Kb7 24. Nc5+ Kb8 25. Na6+ Kb7 26. Nxb4 axb4
27. Qxg2+ c6 28. Bb2 f6 29. e6 Bh6 30. f5 dxe6 31. Rxd8 Rxd8 32. fxe6 Qe7 33.
Qf2 Bd2 34. Re4 Bc3 35. Bxc3 bxc3 36. Rd4 Rxd4 37. Qxd4 Qxe6 38. Qxc3 f5 39.
Qg7+ Kb6 40. Qd4+ c5 41. Qd8+ Kb7 42. Kc2 Qe4+ 43. Kc3 Qe3+ 44. Kc2 Qf2+ 45.
Kc3 Qf3+ 46. Kb2 1/2-1/2

[Event "1st Asian Clubs"]
[Site "Al Ain UAE"]
[Date "2008.12.29"]
[Round "5"]
[White "Wang Hao"]
[Black "Karjakin, Sergey"]
[Result "1/2-1/2"]
[WhiteElo "2696"]
[BlackElo "2730"]
[PlyCount "63"]
[EventDate "2008.12.25"]
[SourceDate "1999.07.01"]

1. e4 e5 2. Nf3 Nc6 3. d4 exd4 4. Nxd4 Nf6 5. Nxc6 bxc6 6. e5 Qe7 7. Qe2 Nd5 8.
c4 Nb6 9. Nc3 Qe6 10. Qe4 Ba6 11. b3 Bb4 12. Bd2 Bxc3 13. Bxc3 d5 14. Qh4 dxc4
15. Rc1 Qg6 16. Bb4 f6 17. Qh3 Bc8 18. Qg3 Nd5 19. Qxg6+ hxg6 20. Bd2 cxb3 21.
axb3 Rb8 22. exf6 gxf6 23. Bc4 Be6 24. O-O Kf7 25. Ra1 Rb7 26. Rfe1 Re8 27. h4
f5 28. Bg5 Nf6 29. Rxe6 Rxe6 30. Bxe6+ Kxe6 31. Bxf6 Kxf6 32. Ra6 1/2-1/2

[Event "Paul Keres Mem Men"]
[Site "Tallinn EST"]
[Date "2009.01.11"]
[Round "7"]
[White "Yemelin, V."]
[Black "Rausis, I."]
[Result "1/2-1/2"]
[WhiteElo "2578"]
[BlackElo "2501"]
[PlyCount "27"]
[EventDate "2009.01.10"]
[SourceDate "1999.07.01"]

1. e4 e5 2. Nf3 Nc6 3. d4 exd4 4. Nxd4 Nf6 5. Nc3 Bb4 6. Nxc6 bxc6 7. Bd3 O-O
8. O-O d5 9. exd5 cxd5 10. Bg5 c6 11. Qf3 h6 12. Bxf6 Qxf6 13. Qxf6 gxf6 14.
Ne2 1/2-1/2

[Event "65th ch-RUS HL"]
[Site "?"]
[Date "2012.??.??"]
[Round "4"]
[White "Demchenko, A."]
[Black "Ovetchkin, R."]
[Result "1/2-1/2"]
[WhiteElo "2575"]
[BlackElo "2500"]
[PlyCount "74"]
[EventDate "2012.??.??"]
[SourceDate "1999.07.01"]

1. e4 e5 2. Nf3 Nc6 3. d4 exd4 4. Nxd4 Nf6 5. Nxc6 bxc6 6. e5 Qe7 7. Qe2 Nd5 8.
c4 Ba6 9. b3 g6 10. f4 d6 11. Qf2 Nb6 12. Ba3 Qe6 13. Nc3 dxe5 14. Bxf8 exf4+
15. Be2 Rxf8 16. O-O-O Qe3+ 17. Qxe3+ fxe3 18. Bf3 Nd7 19. Rhe1 O-O-O 20. Rxe3
Bb7 21. Re7 Nc5 22. Bg4+ f5 23. Bf3 h5 24. Kc2 Rxd1 25. Nxd1 Ne4 26. Bxe4 fxe4
27. Kd2 c5 28. Re5 e3+ 29. Kxe3 Bxg2 30. Rg5 Bh3 31. Rxc5 Bg4 32. Nc3 Rf3+ 33.
Kd4 Rf4+ 34. Ke3 Rf3+ 35. Kd4 Rf4+ 36. Ke3 Rf3+ 37. Kd4 Rf4+ 1/2-1/2

[Event "16th Voronezh Master Open"]
[Site "?"]
[Date "2012.??.??"]
[Round "9"]
[White "Danin, A."]
[Black "Smirnov, P."]
[Result "1/2-1/2"]
[WhiteElo "2515"]
[BlackElo "2610"]
[PlyCount "63"]
[EventDate "2012.??.??"]
[SourceDate "1999.07.01"]

1. e4 e5 2. Nf3 Nc6 3. d4 exd4 4. Nxd4 Nf6 5. Nxc6 bxc6 6. e5 Qe7 7. Qe2 Nd5 8.
c4 Nb6 9. Nd2 Bb7 10. b3 g6 11. Bb2 Bg7 12. O-O-O O-O-O 13. f4 c5 14. Nf3 Rhe8
15. g3 g5 16. Bg2 gxf4 17. gxf4 d6 18. h4 Nd7 19. Rhe1 dxe5 20. fxe5 Bh6+ 21.
Kb1 Qe6 22. Ng5 Qg6+ 23. Ka1 Bxg5 24. hxg5 Qxg5 25. Bxb7+ Kxb7 26. Qf3+ Kb8 27.
Qxf7 Nxe5 28. Rxd8+ Qxd8 29. Qxh7 Nc6 30. Rxe8 Qxe8 31. Qh8 Qxh8 32. Bxh8
1/2-1/2

[Event "Coupe de France"]
[Site "?"]
[Date "2012.??.??"]
[Round "?"]
[White "Magem Badals, J."]
[Black "Gozzoli, Y."]
[Result "1/2-1/2"]
[WhiteElo "2545"]
[BlackElo "2550"]
[PlyCount "63"]
[EventDate "2012.??.??"]
[SourceDate "1999.07.01"]

1. e4 e5 2. Nf3 Nc6 3. d4 exd4 4. Nxd4 Nf6 5. Nxc6 bxc6 6. e5 Qe7 7. Qe2 Nd5 8.
Nd2 Nb6 9. Qe4 d5 10. exd6 cxd6 11. Bd3 d5 12. Qxe7+ Bxe7 13. b3 Bf6 14. Rb1
O-O 15. O-O Re8 16. Nf3 c5 17. Bd2 c4 18. Rfe1 Rxe1+ 19. Rxe1 Bd7 20. bxc4 dxc4
21. Be4 Re8 22. h3 g6 23. Bb4 Bg7 24. Bb7 Rxe1+ 25. Nxe1 Na4 26. Bd5 Nb6 27.
Bb7 Na4 28. Ba6 Be6 29. Nf3 h6 30. a3 Bf5 31. Bxc4 Bxc2 32. Nd2 1/2-1/2

[Event "Groningen Open A"]
[Site "Groningen NED"]
[Date "2012.12.29"]
[Round "8.2"]
[White "Kovchan, A."]
[Black "Ernst, S."]
[Result "1/2-1/2"]
[WhiteElo "2579"]
[BlackElo "2562"]
[PlyCount "35"]
[EventDate "2012.12.21"]
[SourceDate "1999.07.01"]

1. e4 e5 2. Nf3 Nc6 3. d4 exd4 4. Nxd4 Nf6 5. Nc3 Bb4 6. Nxc6 bxc6 7. Bd3 d5 8.
exd5 cxd5 9. O-O O-O 10. h3 Re8 11. Qf3 c6 12. Bf4 Be6 13. Rfe1 d4 14. a3 dxc3
15. axb4 cxb2 16. Rab1 a5 17. Rxb2 Nd5 18. Bd2 1/2-1/2

[Event "VIII Governor's Cup"]
[Site "Khanty-Mansiysk RUS"]
[Date "2012.11.23"]
[Round "9.1"]
[White "Savchenko, B."]
[Black "Khairullin, I."]
[Result "0-1"]
[WhiteElo "2556"]
[BlackElo "2642"]
[PlyCount "76"]
[EventDate "2012.11.15"]
[SourceDate "1999.07.01"]

1. e4 e5 2. Nf3 Nc6 3. d4 exd4 4. Nxd4 Nf6 5. Nxc6 bxc6 6. e5 Qe7 7. Qe2 Nd5 8.
c4 Ba6 9. Nd2 g6 10. Nf3 Qb4+ 11. Kd1 Rb8 12. Qc2 Ne7 13. a3 Qb6 14. b4 c5 15.
Bd3 Bb7 16. Re1 Bg7 17. Be3 Bxf3+ 18. gxf3 Bxe5 19. Bxc5 Qf6 20. Ra2 d6 21.
Bxa7 Ra8 22. Be3 O-O 23. f4 Bc3 24. Re2 Rfe8 25. b5 d5 26. Qb3 dxc4 27. Qxc4
Rad8 28. Bc5 Nf5 29. Rxe8+ Rxe8 30. Re2 Rd8 31. Kc2 Bd4 32. Kb1 Bxc5 33. Qxc5
Ng7 34. Bc4 Qxf4 35. Rc2 Nf5 36. a4 Rd1+ 37. Ka2 Nd4 38. Qb4 Nxc2 0-1

[Event "TATA 50th ch-IND National Premier 2012"]
[Site "Kolkata IND"]
[Date "2012.10.10"]
[Round "9.1"]
[White "Sengupta, D."]
[Black "Venkatesh, M."]
[Result "1/2-1/2"]
[WhiteElo "2539"]
[BlackElo "2511"]
[PlyCount "175"]
[EventDate "2012.10.01"]
[SourceDate "1999.07.01"]

1. e4 e5 2. Nf3 Nc6 3. d4 exd4 4. Nxd4 Nf6 5. Nc3 Bb4 6. Nxc6 bxc6 7. Bd3 O-O
8. O-O d5 9. exd5 cxd5 10. h3 Be6 11. Qf3 Be7 12. Bf4 c5 13. Bh2 Bd6 14. Bxd6
Qxd6 15. Rad1 Qb6 16. b3 Qa5 17. Rfe1 c4 18. Bf1 Rac8 19. Re3 Ne4 20. bxc4 Nxc3
21. Rxc3 dxc4 22. Ra3 Qb6 23. Qf4 Rfd8 24. Re1 h6 25. Rg3 Qd6 26. Qh4 Kh8 27.
Be2 Qd4 28. Bg4 Qf4 29. Rf3 Qd2 30. Rfe3 Bxg4 31. hxg4 Qxc2 32. g5 Rd6 33. Qf4
Qg6 34. gxh6 gxh6 35. Rf3 Re6 36. Qd4+ Qg7 37. Qxg7+ Kxg7 38. Rc1 Kf8 39. Rcc3
Ke7 40. Rf4 Rec6 41. Rd4 Ra6 42. a3 Rc5 43. f4 h5 44. Kf2 Kf6 45. g3 Ra4 46.
Kg2 Kf5 47. Kh3 f6 48. Kh4 Rc8 49. Kh3 Rc5 50. Kh4 Rc8 51. Re3 Ra5 52. Rc3 Ra4
53. Rd7 Rb8 54. Re3 Rb1 55. Rd5+ Kg6 56. f5+ Kh6 57. Kh3 Rh1+ 58. Kg2 Rb1 59.
Rc5 h4 60. gxh4 Kh5 61. Rc8 Rb2+ 62. Kh3 Kh6 63. Rg3 Kh7 64. Rc7+ Kh8 65. Rf7
Rb3 66. Rxf6 Kh7 67. Rf7+ Kh6 68. Rf8 Rxg3+ 69. Kxg3 Kg7 70. Rc8 Kf6 71. Rc5 c3
72. Rxc3 Kxf5 73. Kh3 Kg6 74. Rg3+ Kh5 75. Rg5+ Kh6 76. Rg3 Kh5 77. Rc3 Rxh4+
78. Kg3 Ra4 79. Kf3 Kg5 80. Ke3 Kf5 81. Kd3 Ke5 82. Kc2 Kd5 83. Kb3 Ra6 84. Kb4
Kd6 85. Rc8 Kd7 86. Rc5 Rc6 87. Ra5 a6 88. Rh5 1/2-1/2

[Event "Baku Open 2012"]
[Site "Baku AZE"]
[Date "2012.09.30"]
[Round "9.6"]
[White "Ghaem Maghami, E."]
[Black "Mchedlishvili, M."]
[Result "1/2-1/2"]
[WhiteElo "2573"]
[BlackElo "2652"]
[PlyCount "178"]
[EventDate "2012.09.22"]
[SourceDate "1999.07.01"]

1. e4 e5 2. Nf3 Nc6 3. d4 exd4 4. Nxd4 Nf6 5. Nc3 Bb4 6. Nxc6 bxc6 7. Bd3 d5 8.
exd5 cxd5 9. O-O O-O 10. Bg5 c6 11. Qf3 h6 12. Bxf6 Qxf6 13. Qxf6 gxf6 14. Ne2
Bd6 15. Rad1 Be5 16. b3 Re8 17. c4 Be6 18. cxd5 Bxd5 19. Ng3 Bxg3 20. fxg3 Kg7
21. Rf4 Rad8 22. Bf1 Re5 23. Kf2 Rde8 24. Bd3 R8e7 25. g4 Rd7 26. Bc4 Rde7 27.
Bxd5 cxd5 28. Rd2 Kg6 29. h3 Rd7 30. b4 f5 31. a4 fxg4 32. Rxg4+ Kf5 33. b5 Ke6
34. Rb4 Kd6 35. b6 Rb7 36. a5 axb6 37. a6 Rb8 38. a7 Rf5+ 39. Ke1 Ra8 40. Rxb6+
Kc7 41. Ra6 Kb7 42. Rda2 h5 43. R6a3 Re8+ 44. Re2 Rxe2+ 45. Kxe2 Ka8 46. Ra4
Re5+ 47. Kf3 Re7 48. Ra5 Rd7 49. Ke3 Re7+ 50. Kf4 Re4+ 51. Kg5 Re2 52. Rxd5
Rxg2+ 53. Kxh5 Kxa7 54. Rb5 Ka6 55. Rb3 f5 56. h4 Ka7 57. Rb4 Ka6 58. Rb1 Ka7
59. Rb5 Ka6 60. Rxf5 Kb6 61. Rf4 Kc5 62. Rf6 Kd5 63. Rg6 Rh2 64. Kg5 Ke5 65. h5
Rg2+ 66. Kh6 Rh2 67. Ra6 Kf5 68. Rb6 Rh1 69. Ra6 Rh2 70. Ra1 Kf6 71. Rf1+ Ke7
72. Kg6 Rg2+ 73. Kh7 Rg3 74. h6 Rg2 75. Kh8 Rh2 76. Kh7 Rg2 77. Rf3 Rg1 78. Kh8
Rh1 79. Kg7 Rg1+ 80. Kh7 Rg2 81. Ra3 Kf7 82. Ra7+ Kf8 83. Rg7 Rh2 84. Rg4 Kf7
85. Rf4+ Ke7 86. Kg6 Rg2+ 87. Kh5 Rh2+ 88. Kg5 Rg2+ 89. Kh5 Rh2+ 1/2-1/2

[Event "21st TCh-CRO 1a 2012"]
[Site "Sibenik CRO"]
[Date "2012.09.24"]
[Round "2.12"]
[White "Filippov, An UZB"]
[Black "Saric, Iv"]
[Result "1/2-1/2"]
[WhiteElo "2617"]
[BlackElo "2637"]
[PlyCount "63"]
[EventDate "2012.09.23"]
[SourceDate "1999.07.01"]
[WhiteTeam "SK Rijeka, Rijeka"]
[BlackTeam "SK Liburnija, Rijeka"]

1. e4 e5 2. Nf3 Nc6 3. d4 exd4 4. Nxd4 Nf6 5. Nc3 Bb4 6. Nxc6 bxc6 7. Bd3 O-O
8. O-O Re8 9. Bg5 h6 10. Bh4 g5 11. Bg3 Bxc3 12. bxc3 Nxe4 13. Qh5 d6 14. f4
Bf5 15. fxg5 Bg6 16. Qxh6 Qxg5 17. Qxg5 Nxg5 18. c4 Ne4 19. Be1 Re5 20. Rf4
Rae8 21. Rh4 Nc5 22. Bc3 Nxd3 23. cxd3 Rh5 24. Rg4 Kf8 25. Rg3 Re2 26. Re1 Rhe5
27. Kf1 Rxe1+ 28. Bxe1 Rf5+ 29. Kg1 Re5 30. Kf2 Rf5+ 31. Kg1 Re5 32. Kf2
1/2-1/2

[Event "TCh-SUI National A 2012"]
[Site "Switzerland SUI"]
[Date "2012.09.22"]
[Round "6.3"]
[White "Godena, M."]
[Black "Marciano, D."]
[Result "1/2-1/2"]
[WhiteElo "2508"]
[BlackElo "2514"]
[PlyCount "35"]
[EventDate "2012.03.18"]
[SourceDate "1999.07.01"]
[WhiteTeam "Mendrisio 1"]
[BlackTeam "Reti 1"]

1. e4 e5 2. Nf3 Nc6 3. d4 exd4 4. Nxd4 Nf6 5. Nc3 Bb4 6. Nxc6 bxc6 7. Bd3 d5 8.
exd5 cxd5 9. O-O O-O 10. h3 c6 11. Qf3 Re8 12. Bf4 Be6 13. Rad1 Bd6 14. Ne2 Rb8
15. b3 Qc7 16. Rfe1 Bxf4 17. Nxf4 Bd7 18. Nh5 1/2-1/2

[Event "65th ch-RUS HL"]
[Site "Tyumen RUS"]
[Date "2012.06.26"]
[Round "10"]
[White "Prizant, Ja"]
[Black "Matlakov, M."]
[Result "1/2-1/2"]
[WhiteElo "2524"]
[BlackElo "2668"]
[PlyCount "52"]
[EventDate "2012.06.16"]
[SourceDate "1999.07.01"]

1. e4 e5 2. Nf3 Nc6 3. d4 exd4 4. Nxd4 Nf6 5. Nxc6 bxc6 6. e5 Qe7 7. Qe2 Nd5 8.
g3 g6 9. c4 Ba6 10. b3 Bg7 11. Bb2 O-O 12. Bg2 Rae8 13. O-O Bxe5 14. Qxe5 Qxe5
15. Bxe5 Rxe5 16. cxd5 Bxf1 17. Kxf1 cxd5 18. f4 Re3 19. Bxd5 Rd3 20. Bf3 Re8
21. Kf2 d5 22. Be2 Rde3 23. Bd1 Rd3 24. Be2 Rde3 25. Bd1 Rd3 26. Be2 Rde3
1/2-1/2

[Event "9th Philadelphia International"]
[Site "Philadelphia USA"]
[Date "2012.07.02"]
[Round "7"]
[White "Sethuraman, S."]
[Black "Bosiocic, Mari"]
[Result "1-0"]
[WhiteElo "2546"]
[BlackElo "2555"]
[PlyCount "143"]
[EventDate "2012.06.29"]
[SourceDate "1999.07.01"]

1. e4 e5 2. Nf3 Nc6 3. d4 exd4 4. Nxd4 Nf6 5. Nxc6 bxc6 6. e5 Qe7 7. Qe2 Nd5 8.
c4 Ba6 9. Nd2 O-O-O 10. b3 g5 11. Bb2 Bg7 12. Qe4 Nf4 13. O-O-O Bb7 14. Qf5 c5
15. Ne4 h6 16. h4 Qe6 17. Qxe6 Nxe6 18. Re1 Rhe8 19. hxg5 hxg5 20. Rh7 Rh8 21.
Nxg5 Rxh7 22. Nxh7 d6 23. Nf6 Nd4 24. f4 dxe5 25. fxe5 Bh6+ 26. Kb1 Bd2 27. Rd1
Bf4 28. g3 Bxg3 29. Bh3+ Kb8 30. Bxd4 cxd4 31. Nd7+ Ka8 32. Rxd4 Rg8 33. Bf5
Bf2 34. Rd2 Rg1+ 35. Kc2 Rg2 36. b4 Be1 37. Rxg2 Bxg2 38. a3 a6 39. Kd3 Bf1+
40. Kd4 Bf2+ 41. Kc3 Be1+ 42. Kb3 a5 43. Be4+ Ka7 44. c5 axb4 45. axb4 Bh3 46.
c6 Be6+ 47. Ka4 Bh4 48. Kb5 Bg3 49. Ka5 Bb3 50. Bf5 Bf4 51. Kb5 Bg3 52. Bd3 Bd1
53. Bc4 Bh5 54. Bd5 Be2+ 55. Ka5 Bh5 56. b5 Bh4 57. Kb4 Be7+ 58. Kc3 Bg4 59.
Nf6 Bxf6 60. exf6 Bh5 61. Kd4 Kb6 62. Bc4 Bg6 63. Kd5 Bh5 64. Ke5 Kc5 65. Kf4
Kd6 66. Kg5 Bg6 67. Kh6 Kc5 68. Kg7 Kxc4 69. b6 cxb6 70. c7 Bf5 71. Kxf7 b5 72.
Ke7 1-0